Datum a čas kvízu
33
Celkem bodů
Celkový počet nahraných bodů na tomto kvízu bez doplňovacích otázek.
3.
Pořadí na kvízu
Konečné umístění týmu na tomto kvízu.
Zaznamenané odpovědi
| # | Otázka | Odpověď | Body | Výsledky |
|---|---|---|---|---|
| 1. | Příbramští policisté pátrají p... | závodní formule | 0 | |
| 2. | Česká komisařka Věra Jourová s... | hodnoty a transparentnost | 0 | |
| 3. | Kanadská spisovatelka Margaret... | Příběh služebnice | 1 | |
| 4. | V den svých 55. narozenin odeš... | Alibaba | 0 | |
| 5. | Brněnský sport se v sobotu ve... | fotbalové derby | 1 | |
| 6. | Když už jsme tu měli minulý tý... | dopamin | 0 | |
| 7. | Erós je řeckým bohem lásky. Ja... | Arés, Afrodita | 1 | |
| 8. | Příponu -filie mají různá slov... | Viktorie | 0 | |
| 9. | Láska je samozřejmě nevyčerpat... | 1C 2B 3A 4D | 1 | |
| 10. | Jak se jmenuje tato filmová po... | William Shakespeare | 1 |